000 01030 a2200205 4500
003 Nust
005 20220720171601.0
010 _a 00044675
020 _a1852333375 (pbk. : alk. paper)
040 _cNust
082 0 0 _a003.8511353042,SIN
100 1 _aSingh, Krishna Kumari,
_994165
245 1 0 _aSystem design through MATLAB, Control Toolbox and SIMULINK /
_cKrishna Singh and Gayatri Agnihotri.
260 _aLondon ;
_aNew York :
_bSpringer,
_cc2001.
300 _axxiv, 487 p. :
_bill. ;
_c24 cm.
505 _aIntroduction Page xix, System Representation and Modeling( Page- 1), Model Manipulation (Page -57), Getting Information from the Models, Model Analysis (Page- 147),The control System Toolbox's GUIs (Page -199), Control System Design Through Simulink (Page- 253), Design of Compensators for Systems (Page 271), Some Simple Applications (Page 337), Some Complex Applications( Page 391).
650 0 _aSystem design.
_92255
700 1 _aAgnihotri, Gayatri,
_d1947-
_994166
942 _cBK
_2ddc
_k003.8511353042,SIN
999 _c175909
_d175909